| 000 | 00720cam a2200265 4500 | ||
|---|---|---|---|
| 001 | J1826 | ||
| 008 | 090401t1993 xxu||||| |||| 00| 0 eng d | ||
| 035 | _a(Sirsi) u45635 | ||
| 041 | _aeng | ||
| 050 | _a693.5 | ||
| 100 | _aEmsley, M.W. | ||
| 245 | _aMethods and rates for precast concrete erection. | ||
| 260 |
_aAscot, Berks. _bChartered Institute of Building _c1993 |
||
| 300 | _a7p. ; 30cm. | ||
| 350 | _a0 | ||
| 490 |
_aConstruction Papers _v23 |
||
| 650 | _aESTIMATING | ||
| 650 | _aOPERATION TIMES | ||
| 650 | _aPRECAST CONCRETE | ||
| 690 | _aBUILDING AND CONSTRUCTION-ECONOMICS | ||
| 700 | _aHarris, F.C. | ||
| 710 |
_aChartered Institute of Building _92134 |
||
| 942 | _n0 | ||
| 948 | _c04/03/1997 | ||
| 999 |
_c91784 _d91784 |
||